000 01769nam a22003257a 4500
005 20220316235134.0
008 140531b2013 mx a|||g|||| 00| 01sspad
020 _a9789583802034
100 1 _aBrowne, Anthony
_d1946-
245 1 0 _aGorila
_cAnthony Browne ; traducción de Carmen Esteva
250 _aEdición especial para el Ministerio de Cultura
264 _aMéxico
_bFondo de Cultura Económica
_c2013
300 _a[28] páginas sin numerar
_bilustraciones a color
_c21 cm
336 _atexto
_btxt
_2rdacontent
337 _asin mediación
_bn
_2rdamedia
338 _avolumen
_bnc
_2rdacarrier
490 _aLos especiales de a la orilla del viento
_aLeer es mi cuento
520 0 0 _aAna vive muy sola con su padre en una enorme casa. Ama todo lo que tiene que ver con gorilas y demás primates, lee libros sobre ellos, ve películas y también le gusta mucho dibujarlos; sin embargo lo que más le gustaría es que su padre la llevara a conocerlos al zoológico, pero está demasiado perdido en su trabajo, tanto, que finalmente la víspera de su cumpleaños Ana tendrá una experiencia demasiado extraña: un gigantesco gorila vendrá a hacer las veces de su padre.
521 _aRecomendado para niños a partir de 4 a 6 años 
650 1 4 _2LEMB
_aCuentos infantiles ingleses
_ySiglo XX
650 1 4 _2LEMB
_aLiteratura infantil inglesa
_ySiglo XX
650 1 4 _2LEMB
_aGorilas
_vCuentos infantiles
650 1 4 _2LEMB
_aLibros ilustrados para niños
700 1 _aEsteva, Carmen
_etraductor
_94749
830 _aColección para la Primera Infancia del Ministerio de Cultura, Plan Nacional de Lectura y Escritura Leer es mi cuento, Primera Infancia 2013
942 _2loc
_cBKINF
040 _aCO-BoRNBP
_bspa
_erda
_cCO-BoRNBP
084 _aC BRO1
003
999 _c2
_d2